LIBRARY & INFORMATION CENTRE, KCAET, TAVANUR

ONLINE PUBLIC ACCESS CATALOGUE (OPAC)

General and applied entomology / (Record no. 10307)

MARC details
000 -LEADER
fixed length control field 00424cam a2200157ua 4500
020 ## - INTERNATIONAL STANDARD BOOK NUMBER
ISBN 0-07-096532-3
082 ## - DEWEY DECIMAL CLASSIFICATION NUMBER
Classification number 595.7
Item number NAY/GE
100 ## - MAIN ENTRY--AUTHOR NAME
Personal name Nayan, K K .
245 ## - TITLE STATEMENT
Title General and applied entomology /
250 ## - EDITION STATEMENT
Edition statement 1 /
260 ## - PUBLICATION, DISTRIBUTION, ETC. (IMPRINT)
Place of publication New Delhi :
Name of publisher Tata Mc-Graw Hill Publishing Company ,
Year of publication 1983.
300 ## - PHYSICAL DESCRIPTION
Number of Pages 589 ; .
700 1# - ADDED ENTRY--PERSONAL NAME
Personal name Ananthakrishnan, T N .
700 1# - ADDED ENTRY--PERSONAL NAME
Personal name David, B V .
942 ## - ADDED ENTRY ELEMENTS (KOHA)
Koha item type Books
Holdings
Withdrawn status Lost status Damaged status Collection code Home library Current library Shelving location Date acquired Full call number Accession Number Koha item type
      General Books KAUAET KAUAET General Stacks 07/04/2012 632.7 14632 Books
      General Books KAUAET KAUAET General Stacks 27/03/1987 632.7 16181 Books
free website counter